Реализация HID интерфейса на основе метода электроокулографии; Современные техника и технологии; Т. 1

Détails bibliographiques
Parent link:Современные техника и технологии: сборник трудов XIX международной научно-практической конференции студентов, аспирантов и молодых ученых, Томск, 15-19 апреля 2013 г./ Национальный исследовательский Томский политехнический университет (ТПУ).— , 2013
Т. 1.— 2013.— [С. 387-388]
Auteur principal: Игнатовский В. В.
Collectivité auteur: Национальный исследовательский Томский политехнический университет (ТПУ) Институт неразрушающего контроля (ИНК) Кафедра промышленной и медицинской электроники (ПМЭ)
Autres auteurs: Пестунов Д. А. Дмитрий Александрович (научный руководитель)
Résumé:Заглавие с титульного экрана
Langue:russe
Publié: 2013
Collection:Системы и приборы медицинского назначения
Sujets:
Accès en ligne:http://www.lib.tpu.ru/fulltext/c/2013/C01/V1/189.pdf
Format: Électronique Chapitre de livre
KOHA link:https://koha.lib.tpu.ru/cgi-bin/koha/opac-detail.pl?biblionumber=244187

MARC

LEADER 00000naa2a2200000 4500
001 244187
005 20251222164346.0
035 |a (RuTPU)RU\TPU\book\265569 
035 |a RU\TPU\book\265545 
090 |a 244187 
100 |a 20131017d2013 k y0rusy50 ca 
101 0 |a rus 
102 |a RU 
135 |a drnn ---uucaa 
181 0 |a i  
182 0 |a b 
200 1 |a Реализация HID интерфейса на основе метода электроокулографии  |f В. В. Игнатовский, Д. А. Пестунов  |g науч. рук. Д. А. Пестунов 
203 |a Текст  |c электронный 
225 1 |a Системы и приборы медицинского назначения 
300 |a Заглавие с титульного экрана 
320 |a [Библиогр.: с. 388 (3 назв.)] 
337 |a Adobe Reader 
461 1 |0 (RuTPU)RU\TPU\book\263794  |t Современные техника и технологии  |o сборник трудов XIX международной научно-практической конференции студентов, аспирантов и молодых ученых, Томск, 15-19 апреля 2013 г.  |o в 3 т.  |f Национальный исследовательский Томский политехнический университет (ТПУ)   |d 2013 
463 1 |0 (RuTPU)RU\TPU\book\263795  |t Т. 1  |v [С. 387-388]  |d 2013 
610 1 |a труды учёных ТПУ 
610 1 |a электронный ресурс 
610 1 |a электроокулография 
700 1 |a Игнатовский  |b В. В. 
701 1 |a Пестунов  |b Д. А.  |c специалист в области электроники  |c доцент Томского политехнического университета, кандидат технических наук  |f 1979-  |g Дмитрий Александрович  |3 (RuTPU)RU\TPU\pers\31072 
702 1 |a Пестунов  |b Д. А.  |c специалист в области электроники  |c доцент Томского политехнического университета, кандидат технических наук  |f 1979-  |g Дмитрий Александрович  |3 (RuTPU)RU\TPU\pers\31072  |4 727 
712 0 2 |a Национальный исследовательский Томский политехнический университет (ТПУ)  |b Институт неразрушающего контроля (ИНК)  |b Кафедра промышленной и медицинской электроники (ПМЭ)  |3 (RuTPU)RU\TPU\col\18719 
801 2 |a RU  |b 63413507  |c 20220316  |g RCR 
856 4 |u http://www.lib.tpu.ru/fulltext/c/2013/C01/V1/189.pdf 
942 |c CF